Normal view
MARC view
- Gupta, C.P
Entry Personal Name
001 - CONTROL NUMBER
- control field: 40154
003 - CONTROL NUMBER IDENTIFIER
- control field: NUST
005 - DATE AND TIME OF LATEST TRANSACTION
- control field: 20210314131659.0
008 - FIXED-LENGTH DATA ELEMENTS
- fixed length control field: 210314|| aca||aabn | a|a d
040 ## - CATALOGING SOURCE
- Original cataloging agency: NUST
- Transcribing agency: NUST
100 ## - HEADING--PERSONAL NAME
- Personal name: Gupta, C.P
670 ## - SOURCE DATA FOUND
- Source citation: Work cat.: (NUST): Gupta, C.P, Appropriate Methodologies for development and management of ground water resources in developing countries, c1989.
